000 00573cam a22002053a 4500
001 38951
003 PGUSA
005 20140828083848.0
008 120222s2012||||xxu|||||s|||||000 | eng d
040 _aPGUSA
_beng
042 _adc
100 1 _aLower, Mark Antony
245 1 4 _aThe Curiosities of Heraldry
_h[electronic resource] /
_cMark Antony Lower
260 _bProject Gutenberg,
_c2012
506 _aPublic domain in the USA.
516 _aElectronic text
830 0 _aProject Gutenberg
_v38951
856 4 0 _uhttp://www.gutenberg.org/ebooks/38951
942 _cEB
999 _c268204
_d268204